| 000 | 00653nam a2200205 u 4500 | ||
|---|---|---|---|
| 005 | 20220905063510.0 | ||
| 008 | 100520s2008 mx r 000 0 spa d | ||
| 020 | _a9786071100047 | ||
| 035 | _aUPN01000175984 | ||
| 049 | _aCG | ||
| 050 | 4 |
_aPQ7798.12 I7.5 _bC6.5 |
|
| 100 | 1 |
_aBirmajer, Marcelo, _d1966- _930766 |
|
| 245 | 1 | 3 |
_aEl compañero desconocido : _b(diez recuerdos inventados) / _cMarcelo Birmajer ; il. María Alcobre. |
| 260 |
_aMéxico : _bAlfaguara, _c2008. |
||
| 300 |
_a98 p. : _bil. |
||
| 440 | 0 | _aAlfaguara juvenil | |
| 650 | 0 |
_aLiteratura juvenil argentina _912413 |
|
| 650 | 4 |
_aCuentos argentinos _ySiglo XX _95788 |
|
| 905 | _aLibro | ||
| 999 |
_c148087 _d148087 |
||